=LDR 00000nam 2200000 4500 =001 INLIS000000000048998 =005 20180305084719 =035 ##$$a 0010-011700000000279 =008 180305###########################0###### =020 ##$$a 978-979-29-3541-7 =040 ##$$a NBPDMAT =082 ##$$a 495.6 =090 ##$$a 495.6 Win d =100 ##$$a Windra Swastika =245 1#$$a 200 kanji yang paling sering digunakan /$c oleh Windra Swastika dan William Prathama Nugraha =260 ##$$a Yogyakarta :$b Andi,,$c 2013 =300 ##$$a xvi, 228 hlm : $b ilus. ; $c 23 cm. =500 ##$$a Bibliografi : hlm. 225 =650 ##$$a Bahasa Jepang =710 ##$$a William Prathama Nugraha =990 ##$$a 20601475 =990 ##$$a 20601476 =990 ##$$a 20601477 =990 ##$$a 20601478 =990 ##$$a 20601479 =990 ##$$a 21601479 =990 ##$$a 21601476 =990 ##$$a 20601475 =990 ##$$a 20601477 =990 ##$$a 20601478 =990 ##$$a 20601479 =990 ##$$a 21601479 =990 ##$$a 76427642 =990 ##$$a 21601477 =990 ##$$a 20601475 =990 ##$$a 21601476 =990 ##$$a 20601477 =990 ##$$a 20601478 =990 ##$$a 20601479 =990 ##$$a 21601479 =990 ##$$a 77677767 =990 ##$$a 01201807767 =990 ##$$a 20601475 =990 ##$$a 21601476 =990 ##$$a 20601477 =990 ##$$a 20601478 =990 ##$$a 20601479 =990 ##$$a 21601479 =990 ##$$a 21601477 =990 ##$$a 21601475 =990 ##$$a 21601476 =990 ##$$a 20601477 =990 ##$$a 20601478 =990 ##$$a 20601479 =990 ##$$a 21601479 =990 ##$$a 21601477 =990 ##$$a 01201807767 =990 ##$$a 21601475 =990 ##$$a 21601476 =990 ##$$a 20601477 =990 ##$$a 20601478 =990 ##$$a 20601479 =990 ##$$a 21601479 =990 ##$$a 21601477 =990 ##$$a 01201807767